Statistiques concernant Livres de Marc Levy

Cliquez ici pour prendre le quiz!

Statistiques générales

  • Ce quiz a été pris 20 fois
  • Le résultat moyen est 8 sur 20

Statistiques - réponses

Année de parutionTitre% Correct
2000Et si c'était vrai...
94%
2005Vous revoir
67%
2003Sept jours pour une éternité...
56%
2015Elle et Lui
50%
2009La Première Nuit
44%
2009Le Premier Jour
44%
2007Les Enfants de la liberté
44%
2010Le Voleur d'ombres
44%
2012Si c'était à refaire
44%
2004La Prochaine Fois
39%
2011L'Etrange Voyage de monsieur Daldry
39%
2016L'Horizon à l'envers
39%
2013Un sentiment plus fort que la peur
39%
2017La Dernière des Stanfield
33%
2006Mes amis mes amours
33%
2008Toutes ces choses qu'on ne s'est pas dites
33%
2014Une autre idée du bonheur
28%
2018Une fille comme elle
28%
2001Où est-tu ?
11%
2019Ghost in love... un roman
0%

Distribution des résultats

Percentile par nombre de réponses

% des personnes avec chaque résultat

Votre développement - résultats

Vous n’avez pas pris ce quiz